000 00556nam a22001817a 4500
005 20231103070916.0
008 231103b |||||||| |||| 00| 0 eng d
020 _a0409019682 ; 0409019690
041 _aEnglish
082 _a346.6 COR
100 _aCilliers, HS et al.
_lEnglish
245 _aCorporate Law /
_cHS Cilliers et al.
250 _aSecond Edition
260 _aDurban :
_bButterworth Publishers (Pty) Ltd,
_c1992
300 _bxvi, 797 pages ;
_c25 cm.
650 _aLegal practice
_bLaw
942 _cBK
_6ALISON_BN_VRIES
999 _c274
_d274